[Event "25th olm final"]
[Site "Lucerne"]
[Date "1982.10.31"]
[Round "2.1"]
[White "Rogers, Ian"]
[Black "Kristiansen, Jens"]
[Result "0-1"]
[WhiteElo "2365"]
[BlackElo "2465"]
[EventDate "1982.10.29"]
[WhiteTeam "Australia"]
[BlackTeam "Denmark"]
[PlyCount "84"]

1.c3 f5 2.g3 Nf6 3.Bg2 e5 4.d4 e4 5.h4 d5 6.Nh3 c6 7.Bg5 h6 8.Bxf6 Qxf6 9.
h5 Be6 10.e3 Bd6 11.Nd2 O-O 12.Bf1 Nd7 13.Be2 Bf7 14.Nf4 Qe7 15.Qb3 Nf6
16.c4 c5 17.dxc5 Bxf4 18.gxf4 Qxc5 19.Qb5 Qxb5 20.cxb5 d4 21.Bc4 d3 22.
Bxf7+ Kxf7 23.Nc4 Ke6 24.b3 Rac8 25.a4 Rc5 26.Kd2 Rf7 27.Rac1 Rfc7 28.Rh2
Ke7 29.Rg2 Kf8 30.Rh2 Nd5 31.Rhh1 Nb6 32.Na3 Rxc1 33.Rxc1 Rxc1 34.Kxc1 g6
35.hxg6 h5 36.Nb1 h4 37.Nd2 Nd5 38.Nf1 Nc3 39.Kd2 Ne2 40.f3 exf3 41.Ke1
Ng3 42.Nd2 f2+ 0-1

[Event "25th olm final"]
[Site "Lucerne"]
[Date "1982.10.31"]
[Round "2.2"]
[White "Fedder, Steen"]
[Black "Jamieson, Robert Murray"]
[Result "1/2-1/2"]
[WhiteElo "2415"]
[BlackElo "2425"]
[EventDate "1982.10.29"]
[WhiteTeam "Denmark"]
[BlackTeam "Australia"]
[PlyCount "126"]

1.d4 Nf6 2.Nf3 d6 3.c4 Bg4 4.Qb3 Qc8 5.Nbd2 g6 6.h3 Bxf3 7.Nxf3 Bg7 8.g3
O-O 9.Bg2 c6 10.O-O Nbd7 11.Be3 Qc7 12.Rfd1 a5 13.Qc2 a4 14.Rab1 Ra6 15.
Rd3 Rfa8 16.Ra3 Qd8 17.Ne1 d5 18.Nd3 Nb6 19.Nc5 R6a7 20.cxd5 Nfxd5 21.Rd1
e6 22.Bc1 Qe7 23.e4 Nb4 24.Qc3 Na6 25.Nxa4 Nd7 26.Qe3 Nb4 27.Qb3 b5 28.Nc5
Rxa3 29.bxa3 Na6 30.Nxd7 Qxd7 31.d5 Rc8 32.a4 Nc7 33.axb5 Nxb5 34.Bb2 Bxb2
35.dxe6 Qxe6 36.Qxb2 Ra8 37.a4 Nd6 38.Qb4 Nc4 39.Rc1 Ne5 40.Rd1 Qa2 41.Rd2
c5 42.Qc3 Qb1+ 43.Kh2 Qb4 44.Qxb4 cxb4 45.Rd5 Nc4 46.Rd4 Nb2 47.Rxb4 Nxa4
48.e5 Ra5 49.f4 Nc5 50.Rb2 h5 51.Rd2 Ra3 52.h4 Re3 53.Bd5 Rd3 54.Rxd3 Nxd3
55.Kg2 Kf8 56.Kf3 Ke7 57.Ke3 Nc5 58.f5 gxf5 59.Kf4 Ne4 60.Kxf5 Nxg3+ 61.
Kg5 Ne2 62.Bf3 Nd4 63.Bxh5 Nc6 1/2-1/2

[Event "25th olm final"]
[Site "Lucerne"]
[Date "1982.10.31"]
[Round "2.3"]
[White "Johansen, Darryl Keith"]
[Black "Hansen, Jacob Ost"]
[Result "1/2-1/2"]
[WhiteElo "2310"]
[BlackElo "2410"]
[EventDate "1982.10.29"]
[WhiteTeam "Australia"]
[BlackTeam "Denmark"]
[PlyCount "85"]

1.b3 e5 2.Bb2 d6 3.c4 Nd7 4.d4 g6 5.g3 Bg7 6.Bg2 Nh6 7.dxe5 dxe5 8.Nc3 O-O
9.Qd2 f5 10.O-O-O c6 11.Kb1 Qe7 12.h3 e4 13.f4 Nf7 14.h4 Nf6 15.e3 Rd8 16.
Qe1 Be6 17.Nh3 Nh6 18.Nf2 Bf7 19.Bf1 a6 20.Rxd8+ Rxd8 21.Ne2 Nhg4 22.Nxg4
Nxg4 23.Bxg7 Kxg7 24.Bh3 Nf6 25.h5 Nxh5 26.g4 fxg4 27.Bxg4 Nf6 28.Bh3 Rd3
29.Nc1 Rd8 30.Bf1 Qd6 31.Be2 Qd2 32.Qg3 Qc3 33.Rd1 Rxd1 34.Bxd1 b5 35.cxb5
axb5 36.Bc2 Qd2 37.f5 Qd7 38.fxg6 Bxg6 39.Ne2 Kf7 40.Qe5 Qd5 41.Qb8 Ke7
42.Nd4 Be8 43.b4 1/2-1/2

[Event "25th olm final"]
[Site "Lucerne"]
[Date "1982.10.31"]
[Round "2.4"]
[White "Fries Nielsen, Jens Ove"]
[Black "Shaw, Terrey Ian"]
[Result "1-0"]
[WhiteElo "2390"]
[BlackElo "2320"]
[EventDate "1982.10.29"]
[WhiteTeam "Denmark"]
[BlackTeam "Australia"]
[PlyCount "51"]

1.e4 e5 2.Nf3 Nc6 3.Bc4 Bc5 4.c3 Nf6 5.d3 d6 6.O-O Qe7 7.Nbd2 Be6 8.Bb5
Bd7 9.Ba4 O-O 10.Bc2 Ne8 11.Re1 g6 12.Nc4 f6 13.d4 exd4 14.cxd4 Bb4 15.Re2
Bg4 16.a3 b5 17.Ne3 Bxf3 18.gxf3 Ba5 19.Bb3+ Kh8 20.Bd5 Ne5 21.dxe5 fxe5
22.Bxa8 Rxf3 23.Ng2 Ng7 24.Bd5 Nh5 25.Re3 Rf8 26.Rf3 1-0

[Event "25th olm final"]
[Site "Lucerne"]
[Date "1982.11.01"]
[Round "3.1"]
[White "Garcia Gonzales, Guillermo"]
[Black "Kristiansen, Jens"]
[Result "1-0"]
[WhiteElo "2500"]
[BlackElo "2465"]
[EventDate "1982.10.29"]
[WhiteTeam "Cuba"]
[BlackTeam "Denmark"]
[PlyCount "73"]

1.d4 Nf6 2.Nf3 d6 3.c4 g6 4.Nc3 Bg7 5.e4 O-O 6.Be2 e5 7.O-O Nc6 8.Be3 Ng4
9.Bg5 Qd7 10.d5 Ne7 11.h3 Nf6 12.c5 Ne8 13.cxd6 Nxd6 14.Nd2 b6 15.Nc4 a6
16.a4 Bb7 17.Nxd6 Qxd6 18.Rc1 Qd7 19.a5 b5 20.Na2 f6 21.Be3 Nc8 22.Qc2 Rf7
23.Bg4 f5 24.exf5 gxf5 25.Bh5 Re7 26.Nb4 f4 27.Bc5 Nd6 28.Bg4 Qe8 29.Nc6
Rf7 30.Be6 Kh8 31.Rfe1 Rf6 32.Nxe5 Rxe6 33.dxe6 Qxe6 34.Nf3 Qh6 35.Qd3 Rg8
36.Bxd6 Qxd6 37.Ng5 1-0

[Event "25th olm final"]
[Site "Lucerne"]
[Date "1982.11.01"]
[Round "3.4"]
[White "Fries Nielsen, Jens Ove"]
[Black "Garcia Martinez, Silvino"]
[Result "1-0"]
[WhiteElo "2390"]
[BlackElo "2440"]
[EventDate "1982.10.29"]
[WhiteTeam "Denmark"]
[BlackTeam "Cuba"]
[PlyCount "51"]

1.e4 c5 2.Nf3 Nc6 3.Bb5 g6 4.O-O Bg7 5.c3 Nf6 6.Re1 O-O 7.h3 e5 8.d3 d6 9.
Nbd2 Qc7 10.Nf1 a6 11.Ba4 b5 12.Bc2 d5 13.a4 Bb7 14.Bg5 d4 15.cxd4 cxd4
16.Qd2 Nd7 17.Rec1 Nc5 18.Ng3 Rfc8 19.axb5 axb5 20.Rxa8 Rxa8 21.Bd1 Qd6
22.Bh6 Bxh6 23.Qxh6 Nxd3 24.Nh5 gxh5 25.Qxd6 Nxc1 26.Qh6 1-0

[Event "25th olm final"]
[Site "Lucerne"]
[Date "1982.11.02"]
[Round "4.3"]
[White "Hansen, Jacob Ost"]
[Black "Day, Lawrence"]
[Result "1-0"]
[WhiteElo "2410"]
[BlackElo "2410"]
[EventDate "1982.10.29"]
[WhiteTeam "Denmark"]
[BlackTeam "Canada"]
[PlyCount "83"]

1.g3 g6 2.Bg2 Bg7 3.e4 c5 4.d3 Nc6 5.f4 d6 6.Nf3 f5 7.O-O Nh6 8.c3 O-O 9.
Ng5 Kh8 10.Nd2 Bd7 11.Qe2 e6 12.Re1 Qe7 13.Ndf3 e5 14.Bd2 Rae8 15.exf5
Bxf5 16.fxe5 Nxe5 17.Nxe5 Bxe5 18.Nf3 Qg7 19.Nxe5 Rxe5 20.Qd1 Nf7 21.Be3
Re7 22.Qd2 Rfe8 23.d4 c4 24.b3 cxb3 25.axb3 a6 26.d5 Kg8 27.Bd4 Ne5 28.Re3
Qf7 29.Rae1 Nd7 30.h3 h5 31.Kh2 Kh7 32.c4 Nf6 33.Qf2 Rxe3 34.Rxe3 Rxe3 35.
Qxe3 Qe8 36.Qf4 Qe7 37.b4 Nd7 38.c5 dxc5 39.bxc5 Nf6 40.Qb8 h4 41.gxh4 Be4
42.Bxe4 1-0

[Event "25th olm final"]
[Site "Lucerne"]
[Date "1982.11.02"]
[Round "4.4"]
[White "Berry, Jonathan"]
[Black "Fries Nielsen, Jens Ove"]
[Result "1/2-1/2"]
[WhiteElo "2275"]
[BlackElo "2390"]
[EventDate "1982.10.29"]
[WhiteTeam "Canada"]
[BlackTeam "Denmark"]
[PlyCount "92"]

1.c4 c5 2.Nf3 Nf6 3.d4 cxd4 4.Nxd4 e6 5.Nc3 Nc6 6.g3 Qb6 7.Nb3 Ne5 8.e4
Bb4 9.Qe2 a5 10.f4 Neg4 11.e5 a4 12.exf6 axb3 13.fxg7 Rg8 14.Bd2 Bxc3 15.
Bxc3 Rxa2 16.Rb1 Ne3 17.Kd2 Nf5 18.Qd3 Qf2+ 19.Be2 Ra6 20.Be5 f6 21.Rbf1
Qg2 22.Bxf6 Rd6 23.Ke1 Kf7 24.Qc3 Nxg7 25.Be5 Ra6 26.Qf3 Qxf3 27.Rxf3 Ra1+
28.Bd1 b5 29.Rxb3 bxc4 30.Rb4 d6 31.Bc3 d5 32.Kd2 Ke7 33.Rb8 d4 34.Bxd4
Rd8 35.Kc3 Rc1+ 36.Kd2 Ra1 37.Kc2 Rxd4 38.Rxc8 Nf5 39.Bf3 Ne3+ 40.Kc3 Rd3+
41.Kb4 Rb3+ 42.Kc5 Ra5+ 43.Kc6 Ra6+ 44.Kc5 Ra5+ 45.Kc6 Ra6+ 46.Kc5 Ra5+
1/2-1/2

[Event "25th olm final"]
[Site "Lucerne"]
[Date "1982.11.04"]
[Round "5.1"]
[White "Kristiansen, Jens"]
[Black "Browne, Walter Shawn"]
[Result "0-1"]
[WhiteElo "2465"]
[BlackElo "2590"]
[EventDate "1982.10.29"]
[WhiteTeam "Denmark"]
[BlackTeam "United States"]
[PlyCount "108"]

1.c4 c5 2.Nf3 Nf6 3.Nc3 e6 4.g3 b6 5.e4 Bb7 6.d3 d6 7.Bg2 Be7 8.O-O O-O 9.
b3 a6 10.Re1 Nc6 11.d4 cxd4 12.Nxd4 Qd7 13.Nc2 Rab8 14.Bb2 Ba8 15.Qe2 Qa7
16.Kh1 Rfc8 17.f4 Ne8 18.Ne3 Bf6 19.Na4 b5 20.Bxf6 bxa4 21.Bb2 axb3 22.
Red1 bxa2 23.Rxa2 Rb3 24.Ng4 h5 25.Nf2 Qe3 26.Qxe3 Rxe3 27.Bc1 Rc3 28.Rxa6
Rxc4 29.Ba3 Rc2 30.Kg1 Ra2 31.Bf1 Nc7 32.Bc4 Nxa6 33.Bxa2 Nab4 34.Bb3 Rd8
35.Ba4 d5 36.Rb1 Na2 37.Rb2 Nc3 38.Bxc6 Bxc6 39.Rc2 d4 40.e5 Ra8 41.Bb2
Ra2 42.h3 Bb7 43.Rd2 Na4 44.Bc1 Ra1 45.Rc2 Nc3 46.Kh2 Be4 47.Nxe4 Nxe4 48.
Re2 Nc5 49.Rc2 Nb3 50.Bd2 Rd1 51.Bb4 d3 52.Rc8+ Kh7 53.Rd8 d2 54.Rd3 Rb1
0-1

[Event "25th olm final"]
[Site "Lucerne"]
[Date "1982.11.04"]
[Round "5.2"]
[White "Alburt, Lev"]
[Black "Mortensen, Erling"]
[Result "1/2-1/2"]
[WhiteElo "2565"]
[BlackElo "2440"]
[EventDate "1982.10.29"]
[WhiteTeam "United States"]
[BlackTeam "Denmark"]
[PlyCount "87"]

1.d4 Nf6 2.c4 g6 3.Nc3 Bg7 4.e4 d6 5.Be2 O-O 6.Bg5 h6 7.Be3 e5 8.d5 c6 9.
h4 cxd5 10.cxd5 Qa5 11.Qd2 h5 12.f3 a6 13.b4 Qd8 14.Nh3 Bxh3 15.Rxh3 Nbd7
16.a4 a5 17.Nb5 Ne8 18.g4 Ndf6 19.g5 Nh7 20.bxa5 f6 21.Rh1 fxg5 22.hxg5
Rf4 23.Kf2 Nxg5 24.Bxf4 exf4 25.Rag1 Qf6 26.Rc1 Qe5 27.Na3 Nf6 28.Rc4 Rf8
29.Nc2 Ng4+ 30.Kf1 Ne3+ 31.Nxe3 fxe3 32.Qxe3 Rf4 33.Qf2 Kh7 34.Kg2 Nf7 35.
Rc7 Ng5 36.Qg3 Kh6 37.Rc4 Qb2 38.Qf2 Qa2 39.Rhc1 h4 40.R1c2 Qa1 41.Rc1 Qb2
42.R1c2 Qa1 43.Rc1 Qb2 44.R1c2 1/2-1/2

[Event "25th olm final"]
[Site "Lucerne"]
[Date "1982.11.04"]
[Round "5.3"]
[White "Hansen, Jacob Ost"]
[Black "Kavalek, Lubomir"]
[Result "1-0"]
[WhiteElo "2410"]
[BlackElo "2570"]
[EventDate "1982.10.29"]
[WhiteTeam "Denmark"]
[BlackTeam "United States"]
[PlyCount "103"]

1.g3 c5 2.Bg2 Nc6 3.e4 g6 4.d3 Bg7 5.f4 e5 6.fxe5 Nxe5 7.Nc3 Ne7 8.Nge2
O-O 9.O-O d6 10.h3 Be6 11.Be3 Rc8 12.Nf4 Bd7 13.Qd2 b5 14.a3 a6 15.Rf2 Bc6
16.Raf1 a5 17.Nce2 b4 18.axb4 axb4 19.b3 Bb5 20.Nd5 Nxd5 21.exd5 Ra8 22.
Bh6 Ra2 23.Bxg7 Kxg7 24.Nf4 Re8 25.Rd1 Qe7 26.Bf1 Bd7 27.Be2 Kg8 28.Rdf1
Qd8 29.Kh2 Qg5 30.Bd1 Rc8 31.d4 cxd4 32.Qxb4 Rc3 33.Rg2 Qf6 34.Rgf2 Qg7
35.Qxd6 d3 36.cxd3 Ra1 37.Rg1 Bf5 38.Qd8+ Qf8 39.Qxf8+ Kxf8 40.d4 Nd7 41.
Re1 Rc8 42.g4 Bc2 43.Ne6+ Ke7 44.Ng5+ Kd6 45.Nxf7+ Kxd5 46.Re7 Bxd1 47.
Rxd7+ Ke4 48.Kg3 Rc3+ 49.Kh4 Ke3 50.Rf6 Bxb3 51.Ng5 h6 52.Rf3+ 1-0

[Event "25th olm final"]
[Site "Lucerne"]
[Date "1982.11.04"]
[Round "5.4"]
[White "Tarjan, James Edward"]
[Black "Fries Nielsen, Jens Ove"]
[Result "1-0"]
[WhiteElo "2520"]
[BlackElo "2390"]
[EventDate "1982.10.29"]
[WhiteTeam "United States"]
[BlackTeam "Denmark"]
[PlyCount "73"]

1.d4 Nf6 2.c4 e6 3.Nf3 b6 4.Nc3 Bb4 5.e3 Bb7 6.Bd3 O-O 7.O-O Bxc3 8.bxc3
Ne4 9.Ne1 f5 10.f3 Nf6 11.Rb1 d6 12.Rb2 Nc6 13.Rbf2 Nd7 14.Nc2 Na5 15.e4
f4 16.g3 g5 17.Rg2 Kh8 18.h4 gxh4 19.gxf4 Rg8 20.Rf2 Qe7 21.Rg5 h6 22.
Rxg8+ Rxg8+ 23.Rg2 Rxg2+ 24.Kxg2 Qg7+ 25.Kh1 Qg3 26.Qf1 h3 27.Bd2 Ba6 28.
Ne3 Nf6 29.f5 Bc8 30.fxe6 Bxe6 31.Nd5 Nh5 32.Be1 c6 33.Ne3 Qf4 34.Qf2 Qg5
35.Bd2 Qf6 36.Bf1 Qf4 37.Nf5 1-0

[Event "25th olm final"]
[Site "Lucerne"]
[Date "1982.11.05"]
[Round "6.1"]
[White "Weemaes, Ronald"]
[Black "Kristiansen, Jens"]
[Result "0-1"]
[WhiteElo "2325"]
[BlackElo "2465"]
[EventDate "1982.10.29"]
[WhiteTeam "Belgium"]
[BlackTeam "Denmark"]
[PlyCount "60"]

1.e4 c5 2.Nf3 Nc6 3.Bb5 Nf6 4.Qe2 Qb6 5.c3 Nxe4 6.Qxe4 Qxb5 7.Na3 Qa6 8.c4
e6 9.Nb5 Qb6 10.Qf4 d6 11.Nxd6+ Bxd6 12.Qxd6 Nb4 13.Qg3 O-O 14.O-O f6 15.
b3 e5 16.Bb2 Nd3 17.Bc3 Bd7 18.Ne1 Nf4 19.Qe3 Qd6 20.g3 Nh3+ 21.Kg2 g5 22.
Qd3 Qe6 23.f3 Bc6 24.Qe3 e4 25.f4 Qg4 26.Kh1 Rad8 27.Ng2 Rd3 28.Qxc5 e3
29.Bb4 Re8 30.Rae1 e2 0-1

[Event "25th olm final"]
[Site "Lucerne"]
[Date "1982.11.05"]
[Round "6.2"]
[White "Mortensen, Erling"]
[Black "Goormachtigh, Johan"]
[Result "1-0"]
[WhiteElo "2440"]
[BlackElo "2350"]
[EventDate "1982.10.29"]
[WhiteTeam "Denmark"]
[BlackTeam "Belgium"]
[PlyCount "93"]

1.e4 c5 2.Nf3 e6 3.d4 cxd4 4.Nxd4 Nf6 5.Nc3 d6 6.Be2 Be7 7.O-O Nc6 8.Be3
O-O 9.f4 e5 10.fxe5 dxe5 11.Nf5 Bxf5 12.Rxf5 Qa5 13.Qf1 Bc5 14.Bxc5 Qxc5+
15.Kh1 Nd4 16.Rxf6 gxf6 17.Nd5 Rfd8 18.Nxf6+ Kh8 19.c3 Nxe2 20.Qxe2 Qf8
21.Rf1 Qh6 22.Nd5 Rd7 23.Qg4 Rad8 24.c4 Qg6 25.Qe2 Rd6 26.g4 Re6 27.Rf5
Rg8 28.h3 Rc8 29.b3 a6 30.Qb2 f6 31.Nxf6 Qh6 32.Qc3 b5 33.Nd5 bxc4 34.bxc4
Qg7 35.Qf3 Rg8 36.Rf7 Qh6 37.Nf6 Rxf6 38.Rxf6 Qc1+ 39.Kg2 Qxc4 40.a3 Qa2+
41.Kg3 Kg7 42.Rf5 Qe6 43.Qe3 Re8 44.Qg5+ Kh8 45.Kh4 h6 46.Qf6+ Kh7 47.Kh5
1-0

[Event "25th olm final"]
[Site "Lucerne"]
[Date "1982.11.05"]
[Round "6.3"]
[White "Pergericht, Daniel"]
[Black "Fedder, Steen"]
[Result "0-1"]
[WhiteElo "2230"]
[BlackElo "2415"]
[EventDate "1982.10.29"]
[WhiteTeam "Belgium"]
[BlackTeam "Denmark"]
[PlyCount "82"]

1.d4 Nf6 2.c4 g6 3.Nc3 d5 4.Bf4 Bg7 5.Rc1 O-O 6.e3 c5 7.dxc5 Be6 8.Nf3 Nc6
9.Be2 Ne4 10.Nd4 Nxc3 11.bxc3 dxc4 12.Nxe6 Qxd1+ 13.Kxd1 fxe6 14.Bxc4 Kf7
15.e4 Ne5 16.Bxe5 Bxe5 17.f4 Bxf4 18.Rb1 Rad8+ 19.Ke1 Rd7 20.Rf1 Kg7 21.
Bxe6 Rc7 22.c4 Bxh2 23.Bd5 Rxf1+ 24.Kxf1 Rxc5 25.Rxb7 Rc7 26.Rb5 Bd6 27.
Ke2 Kf6 28.Kd3 h5 29.a4 g5 30.a5 e6 31.Bb7 Bc5 32.a6 Ke5 33.Rb1 g4 34.Ke2
h4 35.Rh1 Be7 36.Kd3 Rc5 37.Rb1 Ra5 38.Rb5+ Rxb5 39.cxb5 h3 40.gxh3 gxh3
41.b6 Bc5 0-1

[Event "25th olm final"]
[Site "Lucerne"]
[Date "1982.11.07"]
[Round "8.1"]
[White "Kristiansen, Jens"]
[Black "Ardiansyah"]
[Result "0-1"]
[WhiteElo "2465"]
[BlackElo "2435"]
[EventDate "1982.10.29"]
[WhiteTeam "Denmark"]
[BlackTeam "Indonesia"]
[PlyCount "108"]

1.e4 e5 2.Nf3 Nc6 3.Bb5 Nge7 4.O-O Ng6 5.c3 d5 6.exd5 Qxd5 7.c4 Qd6 8.d4
Bg4 9.dxe5 Qxd1 10.Rxd1 Bxf3 11.gxf3 Nxe5 12.Bf4 Nxf3+ 13.Kg2 Nh4+ 14.Kh3
Ng6 15.Bxc7 Bc5 16.Nc3 O-O 17.Ne4 Rac8 18.Rd7 Be7 19.Bg3 a6 20.Ba4 Na5 21.
Nd6 Bxd6 22.Bxd6 Rxc4 23.b4 Ra8 24.Rd1 h5 25.Rd5 Rc3+ 26.Kg2 Nc4 27.Bc7
Rc8 28.Rd8+ Rxd8 29.Rxd8+ Kh7 30.Rd7 f6 31.Bd1 Kh6 32.h3 b5 33.Bg3 h4 34.
Bh2 Nce5 35.Rd4 Nd3 36.Bg4 Ne1+ 37.Kh1 Rc1 38.Rd1 Rxd1 39.Bxd1 Nd3 40.Kg2
Nxb4 41.a4 bxa4 42.Bxa4 Kg5 43.Bc7 Nf4+ 44.Kh2 Nbd3 45.Bb6 Ne5 46.Be3 Nf3+
47.Kh1 Kf5 48.Bc6 Ne5 49.Bb7 a5 50.Bc8+ Kg5 51.Be6 a4 52.Kh2 a3 53.Bb3 Nd3
54.Bc4 Kf5 0-1

[Event "25th olm final"]
[Site "Lucerne"]
[Date "1982.11.07"]
[Round "8.2"]
[White "Handoko, Edhi"]
[Black "Fedder, Steen"]
[Result "1/2-1/2"]
[WhiteElo "2375"]
[BlackElo "2415"]
[EventDate "1982.10.29"]
[WhiteTeam "Indonesia"]
[BlackTeam "Denmark"]
[PlyCount "88"]

1.e4 c5 2.c3 Nf6 3.e5 Nd5 4.Nf3 e6 5.d4 cxd4 6.cxd4 Nc6 7.Bc4 d6 8.O-O Be7
9.Qe2 O-O 10.Rd1 b6 11.Bxd5 exd5 12.Nc3 Be6 13.Qb5 Rc8 14.Nxd5 Bxd5 15.
Qxd5 dxe5 16.dxe5 Qxd5 17.Rxd5 f6 18.Be3 fxe5 19.Nxe5 Nxe5 20.Rxe5 Bf6 21.
Rb5 Rc2 22.Rb1 Be7 23.g3 Bc5 24.Bxc5 bxc5 25.Rf1 a6 26.Rb7 Rf7 27.Rb8+ Rf8
28.Rb6 Rf6 29.Rxf6 gxf6 30.Rb1 Kf7 31.Kg2 Ke6 32.Kf3 Kd5 33.Ke3 Ke6 34.h3
h5 35.h4 Ke5 36.Kf3 Kf5 37.a4 c4 38.b4 cxb3 39.Rxb3 Rc4 40.Ra3 a5 41.Kg2
Kg6 42.f3 Rb4 43.Kh3 Rc4 44.g4 hxg4+ 1/2-1/2

[Event "25th olm final"]
[Site "Lucerne"]
[Date "1982.11.08"]
[Round "9.1"]
[White "Sunye Neto, Jaime"]
[Black "Mortensen, Erling"]
[Result "0-1"]
[WhiteElo "2500"]
[BlackElo "2440"]
[EventDate "1982.10.29"]
[WhiteTeam "Brazil"]
[BlackTeam "Denmark"]
[PlyCount "100"]

1.c4 Nf6 2.g3 g6 3.Bg2 Bg7 4.Nc3 O-O 5.e3 e5 6.Nge2 c6 7.d4 d6 8.O-O Re8
9.Qc2 Nbd7 10.b3 exd4 11.Nxd4 Nc5 12.Bb2 a5 13.Rad1 Qb6 14.Ba3 Nfd7 15.
Nde2 Bf8 16.h3 Nf6 17.e4 a4 18.b4 Ncd7 19.Nd4 Ne5 20.Qe2 Qa6 21.b5 Qb6 22.
bxc6 bxc6 23.f4 Ned7 24.Qf2 Qa5 25.Bb2 Bb7 26.Kh2 Bg7 27.e5 dxe5 28.Nxc6
Qa6 29.Nxe5 Bxg2 30.Qxg2 a3 31.Ba1 Rad8 32.Nb5 Nxe5 33.fxe5 Rxd1 34.Rxd1
Qa4 35.Rf1 Nd7 36.Nd6 Rf8 37.Qe2 Qc6 38.Rd1 Rb8 39.Bc3 Nxe5 40.Bxe5 Bxe5
41.Nb5 Re8 42.Qd3 h5 43.h4 Qc5 44.Rd2 Bf6 45.Qxa3 Qxc4 46.Nd6 Re2+ 47.Rxe2
Qxe2+ 48.Kh1 Qd1+ 49.Kh2 Qd2+ 50.Kh3 Qd5 0-1

[Event "25th olm final"]
[Site "Lucerne"]
[Date "1982.11.08"]
[Round "9.2"]
[White "Fedder, Steen"]
[Black "Paolozzi da Cunha, Marcos"]
[Result "1/2-1/2"]
[WhiteElo "2415"]
[BlackElo "2390"]
[EventDate "1982.10.29"]
[WhiteTeam "Denmark"]
[BlackTeam "Brazil"]
[PlyCount "96"]

1.d4 Nf6 2.c4 c5 3.d5 g6 4.Nc3 Bg7 5.e4 d6 6.Nf3 O-O 7.Be2 e6 8.Bg5 exd5
9.cxd5 Bg4 10.Nd2 Bxe2 11.Qxe2 a6 12.a4 Nbd7 13.O-O Re8 14.Nc4 Nb6 15.a5
Nxc4 16.Qxc4 b5 17.axb6 Qxb6 18.Bxf6 Bxf6 19.Rfb1 Qb4 20.Ra4 Qxc4 21.Rxc4
Rab8 22.f3 Rb4 23.Rxb4 cxb4 24.Na2 a5 25.b3 Rc8 26.Kf1 Rc2 27.Nc1 Bd4 28.
Ne2 Be3 29.Ke1 Kf8 30.g4 f5 31.gxf5 gxf5 32.exf5 Kf7 33.Ng3 Kf6 34.Ra1
Rxh2 35.Nf1 Bd4 36.Rxa5 Rb2 37.Ra6 Kxf5 38.Rxd6 Kf4 39.Rh6 Kxf3 40.Rh3+
Ke4 41.d6 Bf6 42.Nd2+ Kd5 43.Rh5+ Ke6 44.Rh6 Kf7 45.Rxh7+ Kg6 46.Rh3 Bc3
47.Rd3 Rxd2 48.Rxd2 Kf6 1/2-1/2

[Event "25th olm final"]
[Site "Lucerne"]
[Date "1982.11.08"]
[Round "9.3"]
[White "Trois, Francisco"]
[Black "Hansen, Jacob Ost"]
[Result "1/2-1/2"]
[WhiteElo "2410"]
[BlackElo "2410"]
[EventDate "1982.10.29"]
[WhiteTeam "Brazil"]
[BlackTeam "Denmark"]
[PlyCount "32"]

1.d4 Nf6 2.Nf3 g6 3.g3 Bg7 4.Bg2 O-O 5.O-O d6 6.c4 Nbd7 7.Nc3 e5 8.e4 c6
9.Rb1 a6 10.dxe5 dxe5 11.b4 Qe7 12.h3 b5 13.c5 Rd8 14.Qc2 Nf8 15.Be3 Ne8
16.Rfd1 Be6 1/2-1/2

[Event "25th olm final"]
[Site "Lucerne"]
[Date "1982.11.08"]
[Round "9.4"]
[White "Fries Nielsen, Jens Ove"]
[Black "Milos, Gilberto"]
[Result "1-0"]
[WhiteElo "2390"]
[BlackElo "2395"]
[EventDate "1982.10.29"]
[WhiteTeam "Denmark"]
[BlackTeam "Brazil"]
[PlyCount "137"]

1.e4 c5 2.Nf3 Nc6 3.Bb5 e6 4.O-O Nge7 5.c3 a6 6.Ba4 b5 7.Bc2 d5 8.d4 cxd4
9.Nxd4 Nxd4 10.cxd4 dxe4 11.Bxe4 Nd5 12.Nc3 Bb7 13.Qf3 Bb4 14.Qd3 Be7 15.
Re1 Bf6 16.Bd2 Qd7 17.a4 Nxc3 18.Bxb7 Qxb7 19.bxc3 O-O 20.Rab1 Rfb8 21.Bf4
Rc8 22.Be5 Bxe5 23.Rxe5 Qc7 24.axb5 axb5 25.Rc5 Qa5 26.Rxc8+ Rxc8 27.Rxb5
Qa3 28.Qc2 g6 29.Rb3 Qa1+ 30.Rb1 Qxc3 31.Qxc3 Rxc3 32.Rd1 Kf8 33.g3 Ke7
34.h4 Kd6 35.Ra1 Rc7 36.Ra5 Kc6 37.Kg2 Rd7 38.Rc5+ Kb6 39.Rc4 h5 40.Kf3
Kb5 41.Rc5+ Kb6 42.Ke4 Ra7 43.Rc3 f6 44.Rf3 Rf7 45.Ra3 g5 46.Ra8 gxh4 47.
gxh4 Rg7 48.f3 Rg1 49.Rf8 Rh1 50.Rxf6 Rxh4+ 51.Ke5 Kc7 52.Rxe6 Rh1 53.Re7+
Kd8 54.Rh7 h4 55.d5 h3 56.Ke6 h2 57.Rh8+ Kc7 58.Rh7+ Kc8 59.Kd6 Rf1 60.
Rxh2 Rxf3 61.Rh8+ Kb7 62.Kd7 Rg3 63.d6 Rg1 64.Ke7 Re1+ 65.Kd8 Re2 66.d7
Re1 67.Re8 Rh1 68.Ke7 Rh7+ 69.Ke6 1-0

[Event "25th olm final"]
[Site "Lucerne"]
[Date "1982.11.09"]
[Round "10.1"]
[White "Kristiansen, Jens"]
[Black "Andersson, Ulf"]
[Result "0-1"]
[WhiteElo "2465"]
[BlackElo "2610"]
[EventDate "1982.10.29"]
[WhiteTeam "Denmark"]
[BlackTeam "Sweden"]
[PlyCount "80"]

1.e4 c5 2.Nf3 d6 3.d4 cxd4 4.Nxd4 Nf6 5.Nc3 e6 6.Be2 Nc6 7.O-O Be7 8.f4
O-O 9.Kh1 a6 10.Bf3 Qc7 11.g4 Nxd4 12.Qxd4 Nd7 13.g5 Re8 14.Bg2 b5 15.a4
Bb7 16.f5 Bf8 17.fxe6 Rxe6 18.axb5 axb5 19.Rxa8 Bxa8 20.Qf2 Nc5 21.Nd5
Bxd5 22.exd5 Re7 23.Qh4 g6 24.Rf3 Re4 25.Qf2 Ra4 26.Qe2 b4 27.Rf1 Ra8 28.
Qc4 Rb8 29.Bd2 Qb6 30.Qf4 Rb7 31.b3 Bg7 32.Re1 Be5 33.Qc4 Rb8 34.Rxe5 dxe5
35.Be3 Rc8 36.c3 bxc3 37.b4 Qa6 38.Qxc3 Nd7 39.Bc5 Qb5 40.Bh3 Nxc5 0-1

[Event "25th olm final"]
[Site "Lucerne"]
[Date "1982.11.09"]
[Round "10.2"]
[White "Schuessler, Harry"]
[Black "Mortensen, Erling"]
[Result "1/2-1/2"]
[WhiteElo "2495"]
[BlackElo "2440"]
[EventDate "1982.10.29"]
[WhiteTeam "Sweden"]
[BlackTeam "Denmark"]
[PlyCount "116"]

1.d4 Nf6 2.Nf3 g6 3.Bg5 Ne4 4.Bf4 d5 5.e3 Bg7 6.Nbd2 c5 7.c3 O-O 8.Nxe4
dxe4 9.Nd2 cxd4 10.exd4 f5 11.Be2 Nc6 12.Nc4 Be6 13.Qd2 Rc8 14.Na3 Bf7 15.
O-O e5 16.dxe5 Qxd2 17.Bxd2 Nxe5 18.Be3 a6 19.Nc2 Bc4 20.Rfe1 Nd3 21.Bxd3
Bxd3 22.Nb4 Bc4 23.Bb6 Rf6 24.Bd4 Rd6 25.Nc2 Bd3 26.Bxg7 Kxg7 27.Rad1 b5
28.Rd2 a5 29.Red1 Bxc2 30.Rxd6 Bxd1 31.Rxd1 b4 32.cxb4 axb4 33.g3 Rc2 34.
b3 Rxa2 35.Rd4 Kf6 36.Rxb4 Kg5 37.h3 h5 38.Rb6 h4 39.gxh4+ Kxh4 40.Rxg6
Kxh3 41.Rg3+ Kh4 42.Kf1 Rb2 43.Rg8 Rxb3 44.Ke2 f4 45.Rg7 Rb2+ 46.Ke1 Kh3
47.Kf1 f3 48.Ke1 Rb1+ 49.Kd2 Kh2 50.Ke3 Re1+ 51.Kf4 Rg1 52.Ra7 Kg2 53.Kxe4
Rb1 54.Ra2 Re1+ 55.Kf4 Re2 56.Ra3 Rxf2 57.Kg4 Rf1 58.Rb3 Rf2 1/2-1/2

[Event "25th olm final"]
[Site "Lucerne"]
[Date "1982.11.09"]
[Round "10.3"]
[White "Fedder, Steen"]
[Black "Schneider, Lars Ake"]
[Result "1-0"]
[WhiteElo "2415"]
[BlackElo "2455"]
[EventDate "1982.10.29"]
[WhiteTeam "Denmark"]
[BlackTeam "Sweden"]
[PlyCount "79"]

1.d4 Nf6 2.c4 e6 3.Nf3 Bb4+ 4.Nbd2 d5 5.e3 O-O 6.a3 Be7 7.Bd3 c5 8.dxc5
Bxc5 9.O-O a5 10.b3 Nc6 11.Bb2 b6 12.Qe2 Bb7 13.Rfd1 Qe7 14.cxd5 exd5 15.
Nf1 Ne4 16.Bxe4 dxe4 17.Nd4 Ne5 18.Nf5 Qe6 19.N1g3 Rfd8 20.Rxd8+ Rxd8 21.
Rd1 Rd3 22.Nd4 Qg6 23.Rxd3 exd3 24.Qd2 h5 25.Ndf5 Qc6 26.e4 Ng4 27.Qg5 Qg6
28.Qd8+ Kh7 29.Bxg7 Bxf2+ 30.Kh1 Qxg7 31.Nxg7 Bxg3 32.hxg3 Kxg7 33.Kg1
Bxe4 34.Qd4+ Nf6 35.Qxb6 Bf5 36.Qxa5 Kg6 37.Qd8 Nd7 38.Kf2 Ne5 39.Ke3 Ng4+
40.Kf4 1-0

[Event "25th olm final"]
[Site "Lucerne"]
[Date "1982.11.09"]
[Round "10.4"]
[White "Ornstein, Axel"]
[Black "Hansen, Jacob Ost"]
[Result "1-0"]
[WhiteElo "2450"]
[BlackElo "2410"]
[EventDate "1982.10.29"]
[WhiteTeam "Sweden"]
[BlackTeam "Denmark"]
[PlyCount "105"]

1.d4 Nf6 2.Nf3 g6 3.Bg5 Bg7 4.Nbd2 d6 5.e4 O-O 6.Be2 h6 7.Bh4 Nc6 8.c3 Qe8
9.O-O e5 10.dxe5 dxe5 11.Qc2 Nh5 12.Rfe1 Bf6 13.Bxf6 Nxf6 14.Nc4 Kg7 15.
Rad1 Bg4 16.Ne3 Bxf3 17.Bxf3 Nd8 18.Qb3 b6 19.Qc4 Ne6 20.Ng4 b5 21.Nxf6
Kxf6 22.Qe2 h5 23.Qe3 Qe7 24.Bxh5 c6 25.Bg4 Rad8 26.h4 Kg7 27.Bxe6 Qxe6
28.Rxd8 Rxd8 29.h5 Rd7 30.hxg6 Qxg6 31.g3 Qh6 32.Qc5 Qd6 33.Qxd6 Rxd6 34.
Re2 a5 35.Kg2 Rd3 36.Kh3 Kg6 37.Kg4 Rd1 38.f4 exf4 39.gxf4 a4 40.f5+ Kf6
41.e5+ Ke7 42.a3 Rg1+ 43.Kf4 Rf1+ 44.Ke4 Rd1 45.Rh2 Re1+ 46.Kd4 Rd1+ 47.
Kc5 Rd5+ 48.Kxc6 Rxe5 49.Rf2 Kf6 50.Kb6 Rxf5 51.Rxf5+ Kxf5 52.Kxb5 Ke6 53.
Kxa4 1-0